00745nam a2200205 i 4500001000700000003000700007005001700014008004100031020002200072080002100094100003400115245002900149260003200178300004700210500005000257600003600307852005400343999001900397952012300416185579SpMaBN20251014063301.0160719s2007 fr cf |||| |aspa d a978-2-234-05817-0 a929 Veil, Simone1 aVeil, Simone, d1927-916016914aUne vie / cSimone Veil. a[Paris] : bStock, c[2007] a398 p., [24] p. de lám. retr. ; c22 cm. aAnexos: discursos pronunciados por la autora.17aVeil, Simone, d1927-29160169 aES-MaACLjL-30451 z. - Donat. Carmen Zumárraga c185579d185579 00104070aATENEOMbATENEOMcDEPO2d2016-07-19eDONl0oL-30451p1195617r2023-02-23 00:00:00w2023-02-23yMONOGRAFIA